| 000 | 01002nam a22002177a 4500 | ||
|---|---|---|---|
| 003 | NALT | ||
| 005 | 20260130091526.0 | ||
| 008 | s2551 th tha d | ||
| 020 | _a9789742800321 | ||
| 040 | _aNALT | ||
| 041 | _atha | ||
| 050 |
_aHD 38.5 _bค357ก 2551 |
||
| 100 | 0 |
_aคำนาย อภิปรัชญาสกุล _95536 |
|
| 245 | 1 | 0 |
_aการจัดการต้นทุนโลจิสติกส์ / _cคำนาย อภิปรัชญาสกุล |
| 260 |
_aกรุงเทพฯ : _bโฟกัสมีเดีย แอนด์ พับลิชชิ่ง, _c2551 |
||
| 300 |
_a164 หน้า : _bภาพประกอบ, ตาราง ; _c26 ซม. |
||
| 650 | 0 |
_aการบริหารงานโลจิสติกส์ _94600 |
|
| 850 | _aNALT | ||
| 942 |
_cGB _2lcc |
||
| 998 |
_bอรุณทิพย์ จันทร์ดิษฐ์ _c103 _j1020 _k นางจำเรียง ระวังสำโรง |
||
| 999 |
_c58252 _d58252 |
||